000 03134nam a2200433 a 4500
003 CHAP
005 20241015092841.0
007 cr ||||||a|c|a
008 101209s2010 mx r 00010 spa d
035 _a111778
040 _cCHAP
090 _aTesis
100 1 _aAnastacio Felipe, Genaro
_95481
245 1 0 _aPlan de negocios para establecer una planta extractora de aceite de palma africana (Elaeis guineensis) en Chekubul, Carmen, Campeche
_c/por Genaro Anastacio Felipe; director Pedro Ponce Hernández
264 1 _aChapingo, Méx. :
_bEl autor,
_c2010.
300 _a1 recurso en línea (130 páginas).
336 _2rdacontent
_atexto
_btxt
337 _2rdamedia
_acomputadora
_bc
338 _2rdacarrier
_arecursos en línea
_bcr
502 _bIA
_cAgroindustrias
_d2010
_gLIC
520 _aEn esta tesis se da a conocer las actividades realizadas, en un periodo de tres meses, en la empresa “Palmicultores del Milenio del Estado de Campeche U.S.P.R. de R.I.” dónde se llevó a cabo un Plan de Negocios para Establecer una Planta Extractora de Aceite de Palma Africana (Elaeis guineensis), en Chekubul, Carmen, Campeche. La tarea delegada por la empresa, principalmente, se basó en la elaboración de un plan de negocios en beneficio de la Unión de Sociedades de Producción Rural de Responsabilidad Ilimitada, que justifique ante diferentes instancias correspondientes la importancia, los impactos y beneficios que se obtendrán al establecer la Planta Extractora de Aceite. La metodología empleada para dar el dictamen y las recomendaciones del plan de negocios se basó en la elaboración del estudio de mercado, estudio de materia prima, estudio organizacional y en la evaluación financiera. Considerando la magnitud y la importancia que representa este trabajo a favor del sector más desprotegido (sector primario), se decidió contribuir y participar en la realización del mismo. Después de la elaboración, evaluación y dictamen del plan de negocios, es posible decir que parte de los requerimientos que sugiere cualquier instancia de financiamiento, ya está plasmado en un documento, y es cuestión de tiempo para que se cumplan el resto de los requisitos y se inicie la adquisición de la maquinaría e infraestructura, así como la construcción de la obra civil y la obtención de todos los implementos para iniciar actividades de la misma.
590 _aALEPH
_b10
_c20130110
590 _aBATCH-UPD
_b10
_c20130110
590 _aBATCH-UPD
_b10
_c20140324
590 _aBATCH-UPD
_b10
_c20141002
590 _aBATCH
_b00
_c20181121
590 _aCONVERSION
_b10
_c20130109
650 0 4 _aAceite de palma.
_9446
650 0 4 _aExtractos vegetales.
_939214
650 0 4 _aNegocios.
_980696
700 1 _aPonce Hernández, Pedro
_990789
_eDirector de tesis.
856 _uhttp://10.13.5.2/tesis/111778.pdf
_zDESCARGAR PDF
901 _aBK
942 _cTD
_2Clasificación Universidad Autónoma Chapingo
949 _bBC
_cTES
_d33724002226777
_eTS1
_h51664
_i111778
_sb
949 _bBC
_cTES
_d33724002226819
_eTS2
_fc.2
_gDonaciØn
_h51665
_i111778
_sb
999 _c100120
_d100120